Rito e musica nel mondo delle religioni. riflessioni storico-religiose comparate (Record no. 97853)
[ view plain ]
| 000 -LEADER | |
|---|---|
| fixed length control field | 01108nam a2200289Ia 4500 |
| 001 - CONTROL NUMBER | |
| control field | D8533 |
| 003 - CONTROL NUMBER IDENTIFIER | |
| control field | IT-RoPAU |
| 008 - FIXED-LENGTH DATA ELEMENTS--GENERAL INFORMATION | |
| fixed length control field | 130308s9999 xx 000 0 und d |
| 040 ## - CATALOGING SOURCE | |
| Original cataloging agency | IT-RoPAU |
| 040 ## - CATALOGING SOURCE | |
| Transcribing agency | IT-RoPAU |
| 041 ## - LANGUAGE CODE | |
| Language code of text/sound track or separate title | ITALIANO |
| 100 ## - MAIN ENTRY--PERSONAL NAME | |
| Personal name | Terrin Aldo Natale |
| 100 ## - MAIN ENTRY--PERSONAL NAME | |
| Miscellaneous information | Codice Aut. SPICS: 32969 |
| 245 ## - TITLE STATEMENT | |
| Title | Rito e musica nel mondo delle religioni. riflessioni storico-religiose comparate |
| 245 ## - TITLE STATEMENT | |
| Remainder of title | Musica per la Liturgia. Presupposti per una fruttuosa Interazione |
| 250 ## - EDITION STATEMENT | |
| Edition statement | 1a ed. |
| 260 ## - PUBLICATION, DISTRIBUTION, ETC. (IMPRINT) | |
| Place of publication, distribution, etc. | PADOVA |
| 260 ## - PUBLICATION, DISTRIBUTION, ETC. (IMPRINT) | |
| Name of publisher, distributor, etc. | Messaggero |
| 260 ## - PUBLICATION, DISTRIBUTION, ETC. (IMPRINT) | |
| Date of publication, distribution, etc. | 1996 [1° Ed.:1996 - Ed.Ling.Originale:1996] |
| 300 ## - PHYSICAL DESCRIPTION | |
| Extent | "46 p. (prefazione: no ; testo: 46 [pagine: 31-76])" |
| 500 ## - GENERAL NOTE | |
| General note | Musica Piu' Antica. Accompagnamento del culto Nei Templi: in Mesopotamia, Antico Egitto, India e Cina. classificazione dei riti in Rapporto Ai Modi Musicali: Modo Dorico, Modo Frigio. Musica e Mantica. Natura del rito e Sua Inviolabilità. rito Cristiano e Musica Nei Primi Secoli. |
| 650 ## - SUBJECT ADDED ENTRY--TOPICAL TERM | |
| Topical term or geographic name as entry element | GENERI MUSICALI |
| 650 ## - SUBJECT ADDED ENTRY--TOPICAL TERM | |
| Relator term | Codice materia Spics: 7010 |
| 942 ## - ADDED ENTRY ELEMENTS (KOHA) | |
| Koha item type | LIBRO |
| 957 ## - | |
| -- | 1 |
| 999 ## - SYSTEM CONTROL NUMBERS (KOHA) | |
| -- | 1 |
| Withdrawn status | Lost status | Damaged status | Not for loan | Home library | Current library | Date acquired | Total Checkouts | Full call number | Date last seen | Price effective from | Koha item type | Public note |
|---|---|---|---|---|---|---|---|---|---|---|---|---|
| Buone Condizioni | Not For Loan | SPICS-MEDIATECA | SPICS-MEDIATECA | 08/03/2013 | D8533 | 08/03/2013 | 08/03/2013 | LIBRO | Progressivo inserimento: 49627 / Copie: 1 / data import: 1 marzo 2013 - By Epidotti, Trombetti, Vaglietti. |